Flag Vocabulary Mega-Challenge - Statistics

General Stats
  • This quiz has been taken 27,309 times
  • The average score is 8 of 15
Answer Stats
Picture Hint Answer % Correct
A planet Neptune (Nepal)
93%
A rainbow color Indigo (India)
91%
A mythical horned creature Unicorn (United States)
91%
A major US city Chicago (China)
90%
Well-mannered Polite (Poland)
85%
Type of pasta Spaghetti (Spain)
85%
British river Thames (Thailand)
85%
Italian city Venice (Venezuela)
85%
A dispute Argument (Argentina)
84%
Part of a tree Branch (Brazil)
84%
A job applicant Candidate (Canada)
84%
A branch of mathematics Geometry (Georgia)
83%
A European capital city Vienna (Vietnam)
83%
Common geometric shape Triangle (Trinidad & Tobago)
82%
Melody Tune (Tunisia)
82%
A pleasant smell Fragrance (France)
79%
A type of lettuce Iceberg (Iceland)
79%
A large sea bird Albatross (Albania)
78%
An explosive device Grenade (Greece)
78%
Conventional Normal (Norway)
78%
A US president Kennedy (Kenya)
77%
A famous composer Mozart (Mozambique)
77%
Region of France Normandy (North Korea)
77%
Shakespearean title character Romeo (Romania)
76%
To make social connections Network (Netherlands)
75%
Tropical disease Malaria (Maldives)
74%
Slanted writing Italics (Italy)
73%
Incline Slope (Slovenia)
73%
A deadly sin Sloth (Slovakia)
71%
Farmyard animal Chicken (Chile)
70%
A style of art Cubism (Cuba)
70%
To release Liberate (Liberia)
70%
Thick sweet liquid Syrup (Syria)
70%
A primate Monkey (Mongolia)
69%
Large feline Panther (Panama)
69%
Pond growth Algae (Algeria)
68%
A pet rodent Gerbil (Germany)
68%
Type of tooth Molar (Moldova)
68%
To die Perish (Peru)
68%
Biblical angel Gabriel (Gabon)
67%
Ballroom dance Tango (Tanzania)
67%
Jointly; as a team Together (Togo)
67%
Short poem Haiku (Haiti)
66%
A type of spice Paprika (Papua New Guinea)
66%
Wide-brimmed hat Sombrero (Somalia)
66%
A number puzzle Sudoku (Sudan)
66%
Italian fashion designer Armani (Armenia)
65%
A US state capital Austin (Austria)
65%
A large feast Banquet (Bangladesh)
65%
Punctuation mark Colon (Colombia)
65%
A man; bloke Guy (Guyana)
65%
To cheat; to defraud Swindle (Switzerland)
65%
A European capital city Brussels (Brunei)
64%
A Great Lake Erie (Eritrea)
64%
A male singing voice Baritone (Barbados)
63%
Greek letter Gamma (Gambia)
63%
A breakfast food Sausage (Saudi Arabia)
63%
A small amphibian Newt (New Zealand)
62%
To deviate abruptly from a straight line Swerve (Sweden)
62%
An automaton resembling a human Android (Andorra)
61%
Sovereign ruler Monarch (Montenegro)
61%
Pack animal Camel (Cambodia)
60%
Unit of capacity Litre (Lithuania)
60%
To annoy Bother (Botswana)
59%
Angry Irate (Iraq)
59%
Hammer Mallet (Malaysia)
59%
Health of mind Sanity (San Marino)
59%
African river Zambezi (Zambia)
59%
Army rank Captain (Cape Verde)
58%
Musical instrument Kazoo (Kazakhstan)
58%
Opulence Luxury (Luxembourg)
58%
Hindu greeting Namaste (Namibia)
58%
A merger or coalition Union (United Kingdom)
58%
Expensive Costly (Costa Rica)
56%
Of or relating to the household Domestic (Dominican Republic)
56%
Common alcohol mixer Tonic (Tonga)
56%
Medical specialist Surgeon (Suriname)
54%
Tropical fruit Guava (Guatemala)
53%
Greek island Lesbos (Lesotho)
53%
A range of colors Palette (Palau)
53%
Genuine Sincere (Singapore)
53%
A root vegetable Turnip (Turkmenistan)
53%
To shout in a deep voice Bellow (Belarus)
52%
Whale variety Beluga (Belize)
52%
Indigenous Ethnic (Ethiopia)
52%
A small songbird Finch (Finland)
52%
Sovereign symbol Crown (Croatia)
51%
A coniferous tree Cypress (Cyprus)
51%
Common musical instrument Guitar (Guinea)
51%
A wild duck Mallard (Malta)
51%
Nocturnal songbird Nightingale (Nigeria)
51%
An intuitive feeling Hunch (Hungary)
50%
City on the Missouri river Omaha (Oman)
50%
Culinary herb Parsley (Paraguay)
49%
Aquatic mammal Porpoise (Portugal)
49%
To run for office Campaign (Cameroon)
48%
Popular cocktail Martini (Marshall Islands)
48%
A love song Serenade (Serbia)
48%
A load that is carried Burden (Burkina Faso)
47%
Kingdom Domain (Dominica)
47%
Of or relating to sailors Nautical (Nauru)
47%
A nap Siesta (Sierra Leone)
47%
Zodiac creature Centaur (Central African Republic)
46%
Warrior Samurai (Samoa)
46%
A film score Soundtrack (South Korea)
46%
A Disney princess Elsa (El Salvador)
45%
A shade of purple Mauve (Mauritania)
45%
An element of the Periodic Table Nickel (Nicaragua)
45%
To figure out Solve (Solomon Islands)
45%
Keepsake Souvenir (South Africa)
45%
Severe suffering Anguish (Angola)
44%
Horse-drawn vehicle Chariot (Chad)
44%
Simple or plain; not fancy Austere (Australia)
43%
Daring; brave Bold (Bolivia)
43%
To publicly condemn Denounce (Denmark)
43%
Currency of an Asian country Baht (Bahamas)
42%
Papal name Benedict (Benin)
42%
A large festive gathering Jamboree (Jamaica)
42%
Defamation Libel (Libya)
42%
City in the United Kingdom Norwich (North Macedonia)
42%
Agitation; mayhem Turmoil (Turkey)
42%
To steal Burgle (Burundi)
41%
A horse, eg. Equid (Equatorial Guinea)
41%
Wife of Henry VIII Seymour (Seychelles)
41%
To steal cattle Rustle (Russia)
40%
To corrupt; to tarnish Taint (Taiwan)
40%
Frightful; awful Ghastly (Ghana)
39%
Oceanic capital city Honiara (Honduras)
37%
Period of time Month (Monaco)
37%
To defeat Vanquish (Vanuatu)
37%
Song of praise Anthem (Antigua and Barbuda)
36%
Belgian province Liège (Liechtenstein)
36%
Capital on the River Lagan Belfast (Belgium)
35%
Newsflash Bulletin (Bulgaria)
35%
Harmony; concord Unison (United Arab Emirates)
35%
A frightening ordeal Nightmare (Niger)
34%
Genie Djinn (Djibouti)
33%
Woodworking tool Lathe (Latvia)
32%
Mischievous imp Gremlin (Grenada)
31%
African capital city Moroni (Morocco)
29%
Armed conflict Combat (Comoros)
28%
To spoil; treat with excessive leniency Indulge (Indonesia)
28%
Rational; sensible Sound (South Sudan)
28%
The human chest Bosom (Bosnia & Herzegovina)
27%
Old Testament book Esther (Estonia)
27%
To mock or make fun of Jape (Japan)
27%
Acceptable; permissible Kosher (Kosovo)
26%
Californian city Malibu (Mali)
26%
A depiction of the Virgin Mary Madonna (Madagascar)
25%
Former Pakistani prime minister Bhutto (Bhutan)
24%
Full of anger Ireful (Ireland)
23%
Red wine varietal Malbec (Malawi)
21%
The murder of a prophet Vaticide (Vatican City)
20%
Easily irritated or annoyed Irascible (Iran)
16%
Cherry brandy Kirsch (Kiribati)
15%
Medicine bottle Phial (Philippines)
15%
Part of a musical mass Kyrie (Kyrgyzstan)
13%
French river Saône (Sao Tome & Principe)
13%
A pre-Euro currency Guilder (Guinea-Bissau)
12%
A Native American tribe Seneca (Senegal)
10%
Overly sentimental Maudlin (Mauritius)
9%
A large drinking bowl Jorum (Jordan)
4%
No matching quizzes found
Score Distribution
Percent of People with Each Score
Percentile by Number Answered
Your Score History
You have not taken this quiz